Indian aircraft industry / (Record no. 76763)

MARC details
000 -LEADER
fixed length control field 00516nam a22001817a 4500
005 - DATE AND TIME OF LATEST TRANSACTION
control field 20130619153632.0
010 ## - LCCN (DPL NO)
LC control number ENG-107673
020 ## - INTERNATIONAL STANDARD BOOK NUMBER
International Standard Book Number 9789380502519
Terms of availability 880.00
035 ## - SYSTEM CONTROL NUMBER
System control number EN-91206
037 ## - SOURCE OF ACQUISITION
Source of stock number/acquisition DBAD/PUB
100 ## - MAIN ENTRY--PERSONAL NAME
Personal name Jasjit Singh
245 ## - TITLE STATEMENT
Title Indian aircraft industry /
Statement of responsibility, etc by Jasjit Singh
Remainder of title
260 ## - PUBLICATION, DISTRIBUTION, ETC. (IMPRINT)
Place of publication, distribution, etc New Delhi
Name of publisher, distributor, etc KW Publishers
Date of publication, distribution, etc 2011
270 ## - ADDRESS
Address 4676/2, First Floor, Ansari Road, Daryaganj
City New Delhi
Postal code 110002
300 ## - PHYSICAL DESCRIPTION
Extent xviii,293p.
Dimensions 24cm(Hb)
500 ## - GENERAL NOTE
General note Includes index
942 ## - ADDED ENTRY ELEMENTS (KOHA)
Source of classification or shelving scheme Dewey Decimal Classification
Item type English Books
Call number suffix JAS
Holdings
Withdrawn status Lost status Not for loan Collection code Home library Current library Date acquired Source of acquisition Cost, normal purchase price Full call number Barcode Copy number Cost, replacement price Koha item type
    Not For Loan Non-fiction D.B.Act.Division D.B.Act.Division 19/06/2013 DBAD/PUB 880.00 JAS EN-91206 1 880.00 English Books

© Delhi Public Library
Hit Counter
free hit counter